Workbook for Principles of Microeconomics
| Titel: | Workbook for Principles of Microeconomics / by Martin Kolmar, Magnus Hoffmann |
|---|---|
| Verfasser: | ; |
| Ausgabe: | 2nd ed. 2022 |
| Veröffentlicht: | Cham : Springer International Publishing, 2022 |
| Umfang: | 1 Online-Ressource (XII, 308 Seiten) : 10 illus. |
| Format: | E-Book |
| Sprache: | Englisch |
| Mehrbändiges Werk: | Classroom Companion: Economics |
| RVK-Notation: | |
| Andere Ausgaben: |
Erscheint auch als Druck-Ausgabe: Kolmar, Martin. Workbook for Principles of Microeconomics. - Cham : Springer International Publishing, 2022
|
| ISBN: | 9783030877286 ; 3030877280 ; 978--303087727-9 ; 978--303087729-3 |
| Hinweise zum Inhalt: |
Inhaltsverzeichnis
Ausführliche Beschreibung |
alg: 49260633 001A $06055:04-04-22 001B $06055:16-03-26 $t18:31:19.000 001D $06055:04-04-22 001U $0utf8 001X $00 002@ $0Oax 002C $aText $btxt $2rdacontent 002D $aComputermedien $bc $2rdamedia 002E $aOnline-Ressource $bcr $2rdacarrier 003@ $0492606331 003O $01302237072 $aOCoLC 004A $A978-3-030-87728-6 004A $03-030-87728-0 004E/04 $0SpringerNature-41170 $fSubject Collection Economics and Finance 004E/04 $0SpringerNature-43720 $fSubject Collection Economics and Finance (R0) 004O $A978---303087727-9 $Sp 004O $A978---303087729-3 $Sp 004P $010.1007/978-3-030-87728-6 $SV389 007A $0492606331 $aHEB 007I $0Springer978-3-030-87728-6 009P $qtext/html $3Inhaltsverzeichnis $uhttp://scans.hebis.de/HEBCGI/show.pl?49260633_toc.html $mX:DE-He213 009P $qtext/html $3Ausführliche Beschreibung $uhttp://scans.hebis.de/HEBCGI/show.pl?49260633_aub.html $mX:DE-He213 009Q $SV389 $uhttps://doi.org/10.1007/978-3-030-87728-6 $xR 010@ $aeng 010E $erda 011@ $a2022 013D $RBeispielsammlung $RLehrmittel $#Examensfragen $#Gegenstandskatalog $#Lösungssammlung $#Prüfungsfragen Formschlagwort $#Repetitorium Formschlagwort $#Übungsaufgaben $#Übungsbuch $D20251120 $Ecgmnf $74143389-0 $8Aufgabensammlung [Ts1] $908556253X 017B $aZDB-2-ECF 017B $aZDB-2-SXEF 021A $aWorkbook for Principles of Microeconomics $hby Martin Kolmar, Magnus Hoffmann 028A $aKolmar $BVerfasser $dMartin $4aut 028C $aHoffmann $BVerfasser $dMagnus $4aut 032@ $a2nd ed. 2022 033A $pCham $nSpringer International Publishing 033E $pCham $nSpringer International Publishing AG 034D $a1 Online-Ressource (XII, 308 Seiten) 034M $a10 illus. 036G $aClassroom Companion: Economics $x2662-2890 039D $aErscheint auch als $tWorkbook for Principles of Microeconomics $dCham $eSpringer International Publishing $f2022 $z978-3-030-87727-9 $lKolmar, Martin $nDruck-Ausgabe 044A $aMicroeconomics $S#0 $N650 044A $aEconomics $S#0 $xPsychological aspects $N650 044A $aEconomics $S#0 $xHistory $N650 044A $aEconometrics $S#0 $N650 044A $aSchools of economics $S#0 $N650 044A $aMicroeconomics $S14 $N650 044A $aBehavioral Economics $S24 $N650 044A $aHistory of Economic Thought and Methodology $S24 $N650 044A $aQuantitative Economics $S24 $N650 044A $aHeterodox Economics $S24 $N650 044K $RWirtschaftstheorie $RVolkswirtschaftslehre $#Microeconomics $#Microéconomie $#Microeconomía $#Mikroökonomik $#Mikroökonomie $#Mikroökonomie $#Mikroökonomik $D20251120 $Ecgmnf $74039225-9 $8Mikroökonomie [Ts1] $9085106909 045B $a338.5 $eDDC23eng 045Z $D20251120 $Ecgmnf $8QC 100 [Tkv] $9411124374 lok: 49260633 3 101B $005-04-22 $t08:01:00.000 101C $005-04-22 101U $0utf8 145S/01 $a008 exp: 49260633 3 1 #EPN 201B/01 $005-04-22 $t08:00:59.000 201C/01 $004-04-22 201U/01 $0utf8 203@/01 $01189050587 204P/01 $010.1007/978-3-030-87728-6 $SV389 208@/01 $a04-04-22 $bl 209B/01 $a502 $x05 lok: 49260633 5 exp: 49260633 5 1 #EPN 201B/01 $004-04-22 $t22:38:36.766 201C/01 $004-04-22 201U/01 $0utf8 203@/01 $01189050595 204P/01 $010.1007/978-3-030-87728-6 $SV389 208@/01 $a04-04-22 $bl lok: 49260633 20 exp: 49260633 20 1 #EPN 201B/01 $004-04-22 $t22:38:36.768 201C/01 $004-04-22 201U/01 $0utf8 203@/01 $01189050609 204P/01 $010.1007/978-3-030-87728-6 $SV389 208@/01 $a04-04-22 $bl lok: 49260633 21 exp: 49260633 21 1 #EPN 201B/01 $004-04-22 $t22:38:36.771 201C/01 $004-04-22 201U/01 $0utf8 203@/01 $01189050617 204P/01 $010.1007/978-3-030-87728-6 $SV389 208@/01 $a04-04-22 $bl lok: 49260633 204 exp: 49260633 204 1 #EPN 201B/01 $004-04-22 $t22:38:36.775 201C/01 $004-04-22 201U/01 $0utf8 203@/01 $01189050625 204P/01 $010.1007/978-3-030-87728-6 $SV389 208@/01 $a04-04-22 $bl
| LEADER | 00000cam a22000002c 4500 | ||
|---|---|---|---|
| 001 | 492606331 | ||
| 003 | DE-603 | ||
| 005 | 20260316183119.0 | ||
| 007 | cr|||||||||||| | ||
| 008 | 220404s2022 xx |||| o| u00||u|eng c | ||
| 020 | |a 9783030877286 | ||
| 020 | |a 3030877280 | ||
| 024 | 7 | |a 10.1007/978-3-030-87728-6 |2 doi | |
| 028 | 5 | 2 | |a SpringerNature-41170 |
| 028 | 5 | 2 | |a SpringerNature-43720 |
| 035 | |a (DE-599)HEB492606331 | ||
| 035 | |a (OCoLC)1302237072 | ||
| 040 | |a DE-603 |b ger |c DE-603 |d DE-603 |e rda | ||
| 041 | |a eng | ||
| 082 | 7 | |a 338.5 |2 23/eng | |
| 084 | |a QC 100 |0 (DE-625)141244: |0 (DE-603)411124374 |2 rvk | ||
| 100 | 1 | |a Kolmar, Martin |e Verfasser |4 aut | |
| 245 | 0 | 0 | |a Workbook for Principles of Microeconomics |c by Martin Kolmar, Magnus Hoffmann |
| 250 | |a 2nd ed. 2022 | ||
| 264 | 1 | |a Cham |b Springer International Publishing |c 2022 | |
| 264 | 2 | |a Cham |b Springer International Publishing AG | |
| 300 | |a 1 Online-Ressource (XII, 308 Seiten) |b 10 illus. | ||
| 336 | |a Text |b txt |2 rdacontent | ||
| 337 | |a Computermedien |b c |2 rdamedia | ||
| 338 | |a Online-Ressource |b cr |2 rdacarrier | ||
| 490 | 0 | |a Classroom Companion: Economics |x 2662-2890 | |
| 650 | 7 | |a Mikroökonomie |0 (DE-588)4039225-9 |0 (DE-603)085106909 |2 gnd | |
| 655 | 7 | |a Aufgabensammlung |2 gnd-content |0 (DE-588)4143389-0 |0 (DE-603)08556253X | |
| 700 | 1 | |a Hoffmann, Magnus |e Verfasser |4 aut | |
| 776 | 0 | 8 | |i Erscheint auch als |n Druck-Ausgabe |a Kolmar, Martin |t Workbook for Principles of Microeconomics |d Cham : Springer International Publishing, 2022 |z 9783030877279 |
| 776 | 1 | |z 978--303087727-9 | |
| 776 | 1 | |z 978--303087729-3 | |
| 856 | |u https://doi.org/10.1007/978-3-030-87728-6 |x Resolving-System | ||
| 856 | 4 | 2 | |m X:DE-He213 |q text/html |u http://scans.hebis.de/HEBCGI/show.pl?49260633_toc.html |3 Inhaltsverzeichnis |
| 856 | 4 | 2 | |m X:DE-He213 |q text/html |u http://scans.hebis.de/HEBCGI/show.pl?49260633_aub.html |3 Ausführliche Beschreibung |
| 912 | |a ZDB-2-ECF | ||
| 924 | 1 | |9 603 |a (DE-603)1189050587 |b DE-603 |c HES |d d | |
| 924 | 1 | |9 603 |a (DE-603)1189050595 |b DE-603 |c HES |d d | |
| 924 | 1 | |9 603 |a (DE-603)1189050609 |b DE-603 |c HES |d d | |
| 924 | 1 | |9 603 |a (DE-603)1189050617 |b DE-603 |c HES |d d | |
| 924 | 1 | |9 603 |a (DE-603)1189050625 |b DE-603 |c HES |d d | |